| 000 | 00400nam a2200145 a 4500 | ||
|---|---|---|---|
| 005 | 20140412111315.0 | ||
| 008 | 001218s19uu xx 00 eng d | ||
| 050 |
_aER _bBa11 1987 |
||
| 245 |
_aBaby Goofy catches a fish : _ba book about rhyming words. |
||
| 260 |
_a[s.l.] : _bGrolier Books, _c1987. |
||
| 300 | _a1 v. (unp.) ; ill. | ||
| 440 | _aDisney Babies | ||
| 650 | _aRhymes | ||
| 999 |
_c104204 _d104204 |
||